Statistics for All Songs in Grease the Musical

Click here to take the quiz!

General Stats

  • This quiz has been taken 144 times
  • The average score is 7 of 13

Answer Stats

Sung ByAnswer% Correct
Danny, Sandy and EnsembleSummer Nights
86%
Teen AngelBeauty School Dropout
80%
Kenickie and T-BirdsGreased Lightnin'
71%
Sandy and DannyYou're the One That I Want
71%
SandyHopelessly Devoted to You
70%
EnsembleWe Go Together
69%
DannySandy
68%
RizzoLook at Me I'm Sandra Dee
57%
RizzoThere are Worse Things I Could Do
53%
Grease (is the Word)
29%
MartyFreddy My Love
20%
EnsembleBorn to Hand Jive
15%
SandyLook at Me I'm Sandra Dee Reprise
12%

Score Distribution

Percentile by Number Answered

Percent of People with Each Score

Your Score History

You have not taken this quiz